| 000 | 00850nam a22002657a 4500 | ||
|---|---|---|---|
| 001 | BR6006026 | ||
| 003 | BR-BrBNA | ||
| 005 | 20230928083236.0 | ||
| 007 | ta | ||
| 008 | 230509b bl.||||| |||| 00| 0 por d | ||
| 040 |
_aBR-BrBNA _bpor _cBiblioteca Nacional de Agricultura |
||
| 041 | _a(Por) | ||
| 072 | _aE10 | ||
| 090 | _ E10 BR6006026 | ||
| 100 | 1 | _aBoyev, V. | |
| 110 | 1 |
_aAssociacao Internacional de Economistas Agricolas, Sao Paulo, SP (Brasil) _9635 |
|
| 111 | 1 |
_a15. Congresso Internacional de Economistas Agricolas _cSao Paulo, SP (Brazil) _d20 Aug 1973 |
|
| 245 | 1 | _aEstabelecimento de precos como instrumento de incentivo e distribuicao regional | |
| 260 | 3 |
_aSao Paulo, SP (Brasil): _c1973. |
|
| 300 | _a9 p. | ||
| 650 | _aMacroeconomia | ||
| 650 | _aEconomia agricola | ||
| 909 |
_a202309 _bLucia _c55 _dLucia Elande |
||
| 942 | _cBK | ||
| 999 |
_c12343 _d12343 |
||